<?xml version="1.0" encoding="UTF-8"?>
<record
    xmlns:xsi="http://www.w3.org/2001/XMLSchema-instance"
    xsi:schemaLocation="http://www.loc.gov/MARC21/slim http://www.loc.gov/standards/marcxml/schema/MARC21slim.xsd"
    xmlns="http://www.loc.gov/MARC21/slim">

  <leader>00512nam a22000977a 4500</leader>
  <datafield tag="999" ind1=" " ind2=" ">
    <subfield code="c">2916</subfield>
    <subfield code="d">2916</subfield>
  </datafield>
  <controlfield tag="008">190410|           ||| | ||||||0| ||spa d</controlfield>
  <datafield tag="245" ind1=" " ind2=" ">
    <subfield code="a">Hueso Calc&#xE1;neo</subfield>
  </datafield>
  <datafield tag="300" ind1=" " ind2=" ">
    <subfield code="e">Hueso Calc&#xE1;neo</subfield>
  </datafield>
  <datafield tag="653" ind1=" " ind2=" ">
    <subfield code="a">Hueso del pie.</subfield>
    <subfield code="a">Forma parte de la fila posterior del tarso.</subfield>
    <subfield code="a">Hueso m&#xE1;s voluminoso del tarso.</subfield>
    <subfield code="a">Hueso alargado de anterior a posterior y aplanado transversalmente.</subfield>
    <subfield code="a">Forma la eminencia del tal&#xF3;n.</subfield>
    <subfield code="a">Situado inferiormente al Astr&#xE1;galo, en la parte posterior e inferior del pie.</subfield>
    <subfield code="a">Se reconocen 6 caras.</subfield>
  </datafield>
  <datafield tag="942" ind1=" " ind2=" ">
    <subfield code="c">HUESOS</subfield>
    <subfield code="2">ddc</subfield>
  </datafield>
  <datafield tag="952" ind1=" " ind2=" ">
    <subfield code="0">0</subfield>
    <subfield code="1">0</subfield>
    <subfield code="2">ddc</subfield>
    <subfield code="4">0</subfield>
    <subfield code="7">0</subfield>
    <subfield code="a">BFM</subfield>
    <subfield code="b">BFM</subfield>
    <subfield code="c">CR</subfield>
    <subfield code="d">2019-04-16</subfield>
    <subfield code="e">Donaci&#xF3;n Grecia Santill&#xE1;n, Abril 2019.</subfield>
    <subfield code="l">53</subfield>
    <subfield code="p">HCA12</subfield>
    <subfield code="r">2026-02-09</subfield>
    <subfield code="s">2026-02-09</subfield>
    <subfield code="t">Ej. 1</subfield>
    <subfield code="w">2019-04-16</subfield>
    <subfield code="y">HUESOS</subfield>
    <subfield code="z">Donaci&#xF3;n Grecia Santill&#xE1;n, Abril 2019.</subfield>
  </datafield>
  <datafield tag="952" ind1=" " ind2=" ">
    <subfield code="0">0</subfield>
    <subfield code="1">0</subfield>
    <subfield code="2">ddc</subfield>
    <subfield code="4">0</subfield>
    <subfield code="7">0</subfield>
    <subfield code="a">BFM</subfield>
    <subfield code="b">BFM</subfield>
    <subfield code="c">CR</subfield>
    <subfield code="d">2022-04-28</subfield>
    <subfield code="e">Donaci&#xF3;n Yael Vera, Abril 2022</subfield>
    <subfield code="l">21</subfield>
    <subfield code="p">HCA125</subfield>
    <subfield code="r">2025-02-18</subfield>
    <subfield code="s">2025-02-18</subfield>
    <subfield code="t">Ej. 2</subfield>
    <subfield code="w">2022-04-28</subfield>
    <subfield code="y">HUESOS</subfield>
    <subfield code="z">Donaci&#xF3;n Yael Vera, Abril 2022</subfield>
    <subfield code="f"></subfield>
  </datafield>
  <datafield tag="952" ind1=" " ind2=" ">
    <subfield code="0">0</subfield>
    <subfield code="1">0</subfield>
    <subfield code="2">ddc</subfield>
    <subfield code="4">0</subfield>
    <subfield code="7">0</subfield>
    <subfield code="a">BFM</subfield>
    <subfield code="b">BFM</subfield>
    <subfield code="c">CR</subfield>
    <subfield code="d">2022-04-28</subfield>
    <subfield code="e">Donaci&#xF3;n Yael Vera, Abril 2022</subfield>
    <subfield code="l">22</subfield>
    <subfield code="p">HCA126</subfield>
    <subfield code="r">2025-02-18</subfield>
    <subfield code="s">2025-02-18</subfield>
    <subfield code="t">Ej. 3</subfield>
    <subfield code="w">2022-04-28</subfield>
    <subfield code="y">HUESOS</subfield>
    <subfield code="z">Donaci&#xF3;n Yael Vera, Abril 2022</subfield>
    <subfield code="f"></subfield>
  </datafield>
</record>
